Protection of Genotoxic Effects of Carcinogens by Micronutrients Bilateral Scientific Meeting, October 21-22, 2004, Bratislava, Lecture Hall, Vlárska 7

Bibliographic Details
Corporate Author: Protection of Genotoxic Effects of Carcinogens by Micronutrients Bratislava, Slovensko
Format: Conference Proceeding Book
Language:English
PhysicalDescription:50 s. 30 cm
Published: [Bratislava Ústav experimentálnej onkológie SAV 2004]
ISBN:8096923137
Edition:[1. ed.]
Subjects:

MARC

LEADER 00000nam a2200000 a 4500
001 vtls001484154
003 SK-MaSNL
005 20260301074055.0
008 250414s2004 xo eng
015 |a SNBA2006/01-00580 
020 |a 8096923137 
035 |a SNK000439448 
035 |a urn:nbn:sk:snk-amjs0g 
035 |a urn:nbn:sk:snk:ar-0096i2 
035 |a 8c17b5e1-0462-48b2-b2d2-1a46dbe7dd22 
040 |a SNK  |b slo  |c SNK  |e AACR2 
041 0 |a eng 
044 |a xo  |c SK 
072 7 |a 575  |x Všeobecná genetika. Všeobecná cytogenetika. Evolúcia  |2 konspekt 
080 |a 615.9  |2 1981 
080 |a 615.27  |2 1981 
080 |a 613.27  |2 1981 
080 |a (063)  |2 1981 
080 |a 575:615.9  |2 1981 
111 2 |a Protection of Genotoxic Effects of Carcinogens by Micronutrients  |d (2004 :  |c Bratislava, Slovensko)  |9 396107 
245 0 0 |a Protection of Genotoxic Effects of Carcinogens by Micronutrients  |b Bilateral Scientific Meeting, October 21-22, 2004, Bratislava, Lecture Hall, Vlárska 7 
250 |a [1. ed.] 
260 |a [Bratislava  |b Ústav experimentálnej onkológie SAV  |c 2004] 
300 |a 50 s.  |c 30 cm 
500 |a Názov z obalu 
500 |a Vydav. údaje podľa ISBN 
500 |a Zozn. aut. 
504 |a Bibliogr. odkazy 
650 0 7 |a genetická toxikológia  |2 SNKPH  |9 69856 
650 0 7 |a karcinogénne látky  |2 SNKPH  |9 69858 
650 0 7 |a antioxidanty  |2 SNKPH  |9 13472 
650 0 7 |a stopové prvky  |2 SNKPH  |9 29124 
655 7 |a zborníky konferencií  |2 SNKPH  |9 70153 
655 7 |a issue_zb  |2 SNK  |9 276493 
852 |a Slovenská národná knižnica 
919 |a 80-969231-3-7 
954 |a odborná, vedecká literatúra pôvodná (slovenská)  |2 lita 
954 |a odborná, vedecká literatúra cudzojazyčná (svetová)  |2 lita 
958 |a ART 
958 |a NB 
958 |a OND 
968 |d 56/59 
999 |c 646136  |d 648066 
952 |t P60, <04>, [BOOK], {604}  |a SNK  |b SNK  |y VYP  |7 0  |p 17A0450234  |o snkSB 69490 D1  |i snkKSP 14089/2004  |0 0  |1 0  |4 0  |d 2004-11-04  |l 0  |r 2005-01-02 00:00:00  |w 2026-02-23 
952 |t P60, <03>, [BOOK], {603}, -B-  |a SNK  |b SNK  |y PREZ  |7 0  |p 17A0450233  |o snkSB 69490  |i snkKSP 14088/2004  |0 0  |1 0  |4 0  |d 2004-11-04  |f 1  |l 0  |r 2025-04-23 00:00:00  |w 2026-02-23